| 000 | 00571nam a2200205Ia 4500 | ||
|---|---|---|---|
| 001 | 61183 | ||
| 008 | 141120s9999 xx 000 0 und d | ||
| 020 | _a9781439802526 | ||
| 040 | _cPK-LaUMT | ||
| 082 |
_a 307.1216 _bNEW- |
||
| 100 | _aAsami, Yasushi | ||
| 245 |
_aNew frontiers in urban analysis _bin honor of Atsukuki Okabe _cAsami, Yasushi|Sadahiro, Yukio|Ishikawa, Toru |
||
| 260 |
_aBoca Raton,USA: _bCRC Press, _c2009 |
||
| 300 | _a253 p. | ||
| 546 | _aEN | ||
| 650 | _aCity planning | ||
| 700 | _aIshikawa, Toru | ||
| 700 | _aSadahiro, Yukio | ||
| 942 | _cBK | ||
| 999 |
_c61634 _d61634 |
||